000 01283nam a2200301 i 4500
001 bg
946 _c34,00
100 1 _aMateja, Krzysztof.
245 1 0 _aRoboty ziemne i konstrukcyjne :
_b[instrukcja].
_nZ. 8,
_pLekkie ściany osłonowe metalowo-szklane /
_c[aut. Krzysztof Mateja ; oprac. red. Maria Sieramska].
260 _aWarszawa :
_bInstytut Techniki Budowlanej,
_c2008.
300 _a43 s. :
_bil. ;
_c24 cm.
490 1 _aInstrukcje. Wytyczne. Poradniki / Instytut Techniki Budowlanej ;
_aWarunki Techniczne Wykonania i Odbioru Robót Budowlanych ;
_v437/2008
_vcz. A
490 1 _aWarunki Techniczne Wykonania i Odbioru Robót Budowlanych ;
_vcz. A
650 9 _aŚciany osłonowe
_xkonstrukcje
650 9 _aŚciany osłonowe
_xmateriały
_xkontrola
655 _aInstrukcje
700 1 0 _aSieramska, Maria.
_eOprac.
830 0 _aInstrukcje. Wytyczne. Poradniki - Instytut Techniki Budowlanej ;
_v437/2008
830 _aWarunki Techniczne Wykonania i Odbioru Robót Budowlanych ;
020 _a8373706607 (całość)
020 _a9788324918348 (z. 8)
040 _cBPK
041 0 _apol
044 _aPOL
080 _a691:692.2](083.1)
942 _cKS
008 s pl f |000 0 pol
999 _c49818
_d49818
856 _uhttp://koha.tu.koszalin.pl/cgi-bin/koha/opac-detail.pl?biblionumber=49818
_yKatalog online BPK